One Piece Things 1-20 (NIGH IMPOSSIBLE) - Statistics

General Stats
  • This quiz has been taken 156 times
  • The average score is 84 of 210
Answer Stats
Hint Extra Hint Answer % Correct
Deceased, Division 2 Kazuki Oden
79%
Oden
79%
Chef Sanji
78%
Vinsmoke Sanji
78%
Monkey D. Luffy
75%
Whitebeard
75%
Blackbeard
74%
Gol D. Roger
74%
Big Mom
72%
Blackbeard
72%
Buggy
72%
8 Yonkos (And pirate king) Shanks
72%
Kaido
71%
Vinsmoke Reiju
71%
Bartholomew Kuma
68%
Mihawk
68%
Trafalgar D. Water Law
68%
Jinbei
67%
Assassin Leader Robbert Lucci
67%
Vinsmoke Judge
67%
Vinsmoke Niji
67%
Boa Hancock
65%
Doflamingo
65%
Kaku
65%
Supreme commander Monkey D. Dragon
65%
Aokiji
64%
Deceased, Division 2 Portgas D. Ace
64%
Deputy Supreme commander Sabo
64%
Leader Spandam
64%
Gecko Morriah
63%
7 Vinsmoke family Members Vinsmoke Yonji
63%
Crocodile
61%
Assassin Kalifa
61%
Kin'emon
61%
Archaeologist Robin
61%
Vinsmoke Ichiji
61%
First Mate / Swordsman Zoro
60%
Musician Brook
58%
Doctor Chopper
58%
Shipwright Franky
58%
Katakuri
58%
Navigator Nami
58%
1 ____ . Piece
58%
Hiyori
57%
Division 1 Marco
57%
Toki
57%
Sniper Usopp
57%
Bartolomeo
56%
Blueno
56%
Miss All Sunday
56%
Army Commander - G Army Emporio Ivankov
53%
10 TItanic Captains 10th ship Kuzan
53%
Miss Valentine
53%
Miss Wednesday
53%
Akainu
51%
9th ship Doc Q
51%
Garp
51%
Jabra
51%
Leo
51%
Vinsmoke Sora
51%
1st ship Jesus Burgess
50%
Kanjuro
50%
Kizaru
50%
Miss Goldenweek
50%
3 Big Mom Triplets Oven
50%
Sengoku
50%
5th ship Laffitte
49%
Miss Merry Christmas
49%
Whitebeard Pirates Moby Dick
49%
9 scabbards Nekomamushi
49%
Sugar
49%
3rd ship Van Augur
49%
11 Cp9 members Former Assassin. Kaido subordinate Who's-Who
49%
6th ship Catarina Devon
47%
Cavendish
47%
Denjiro
47%
Edward Weevil
47%
Inuarashi
47%
Division 3 Jozu
47%
Kawamatsu
47%
Miss Monday
47%
Sai
47%
7th ship Sanjuan Wolf
47%
2nd ship Shiryu of the rain
47%
Straw Hat Pirates Thousand Sunny
47%
4th ship Avalo Pizzaro
46%
Army Commander - East Army Belo Betty
46%
Fujitora
46%
Koby
46%
Miss Tuesday
46%
Daifuku
44%
Diamante
44%
Fukurou
44%
Pet/Weapon Funkfreed
44%
16 Straw Hat Grand Fleet Grand Fleet Captains Hajrudin
44%
Kikunojo
44%
Miss Doublefinger
44%
Army Commander - West Army Morley
44%
Raizo
44%
Elite officers,Traitor Rosinante
44%
Trebol
44%
8th ship Vasco Shot
44%
Pet Hattori
43%
Army Commander - North Army Karasu
43%
Miss Friday
43%
Miss Thursday
43%
Ryokugyu
43%
Senor pink
43%
Ashura Doji
42%
Baby 5
42%
13 female boroque agents Miss Saturday
42%
Ideo
40%
Kumadori
40%
Orlumbus
40%
Pica
40%
Smoker
40%
Former Army Commander (Deceased) Ginny
39%
Elite officers Vergo
39%
Buffalo
38%
D officers Lao G
38%
Roger pirates Oro Jackson
38%
Deceased, Division 4 Thatch
38%
Division 5 Vista
38%
Helmeppo
36%
Jaygarcia
36%
. Rock
36%
Army Commander - South Army Lindbergh
35%
Brook Revive-Revive
35%
Tashigi
35%
6 Gorosei first name Figarland
33%
12 Warlords of the Sea Hanafuda
33%
Dellinger
32%
T officers Giolla
32%
Deputy Commander - G Army Inazuma
32%
18 White beard Commanders (and captain) Division 16 Izou
32%
Marcus
32%
Tsuru
32%
P offciers Gladius
31%
Machvise
31%
17 Doflamingo Officers+captain Other officers Monet
31%
Bentham Clone-Clone
29%
Violet
29%
2 Yeti Cool Brothers . Scotch
26%
Topman
26%
Ethanbaron
25%
Shepherd
25%
5 Kozuki family members Sukiyaki
25%
Tequila Wolf
25%
15 devil fruits by user Kizaru Glint-Glint
22%
Miss Fathers day
22%
Baby 5 Arms-Arms
21%
Momonga
21%
Red Hair Pirates Red Force
21%
Division 6 Blamenco
19%
Kanjuro Brush-Brush
19%
Daz Dice-Dice
19%
Doll
19%
Luffy Human-Human Model Nika
19%
Heart Pirates Polar Tang
19%
20 Marines with Armament Haki Prince Grus
19%
Sugar Hobby-Hobby
18%
Kid Pirarates Victoria Punk
18%
X-Drake
17%
Bartolomeo Club Going Luffy-senpai
15%
Rum Wolf
15%
Vodka Wolf
15%
Buggy Pirates Big Top
14%
Hibari
14%
Kelly Jacket-Jacket
14%
Miss Bentham
14%
Momonoske
14%
Division 8 Namur
14%
Blackbeard Pirates Saber of Xebec
13%
Bastille
11%
4 Bridges Bourbon Wolf
11%
Division 13 Atmos
10%
Division 9 Blenheim
10%
Lassoo Dog-Dog Model Dachshund
10%
Division 15 Fossa
10%
Division 12 Haruta
10%
Kujaku
10%
Otama Millet-Millet
10%
Kaku Ox-Ox Model Giraffe
10%
Division 14 Speed Jiru
10%
Flying Pirates Flying Dutchman
8%
Deputy Commander - East Army Ahiru
7%
Division 10 Curiel
7%
14 revolutionary army Commanders Deputy Commander - South Army Gambo
7%
Deputy Commander - North Army Jiron
7%
Fire Tank Pirates Nostra Castello
7%
Division 7 Rakuyo
7%
Arlong Pirates Shark Superb
7%
Division 11 Kingdew
6%
Deputy Commander - West Army Ushiano
6%
Prince Grus Glorp-Glorp
4%
Kuja Pirates Perfume Yuda
4%
Tosa
4%
Yamato Dog-Dog Model Okuchi no Makami
3%
Krieg Pirates Dreadnaught Sabre
3%
19 Ship names from crew names Mihawk... Just Mihawk Hitsugibune
3%
Bonney Pirates Jewelry Margherita
3%
Fallen Monk Pirates Hanjomaru
1%
Drake Pirates Liberal Hind
1%
Spade Pirates Spadille
1%
Black Maria Spider-Spider Model Rosamygale Grauvogeli
1%
No matching quizzes found
Score Distribution
Percent of People with Each Score
Percentile by Number Answered
Your Score History
You have not taken this quiz